000 00927nam a2200277Ki 4500
001 406941447
003 OCoLC
005 20150408114011.0
007 co cg||||mnmmu
008 090624s2006 enka 000 0 eng d
020 _a9780194300094 (pbk.)
020 _a0194300099 (pbk.)
040 _aSISRL
_cSISRL
_dKSU
041 0 _aeng
_aara
082 _222
_a423.1
_bOXW
090 _aPJ6640
_bO94 2006
245 0 0 _aOxford wordpower :
_bانكليزي - انكليزي - عربي
246 3 _aQāmūs Uksfūrd al-ḥadīt li-dārisī al-luġa al-inklīzīya :
_binklīzī - inklīzī - ʻarabī.
250 _a2nd ed.
260 _aOxford :
_bOxford University Press,
_c2006.
300 _axii, 916 p. :
_bcol. ill. ;
_c22 cm. +
_e1 CD-ROM (4 3/4 in.)
546 _aIn English and Arabic.
650 0 _aEnglish language
_vDictionaries
_xArabic.
_917351
710 2 _aOxford University Press.
_96806
942 _2ddc
_cDVD
999 _c21254
_d255754